| 000 | 00616nam a2200241 a 4500 | ||
|---|---|---|---|
| 001 | 0001-1166 | ||
| 003 | ELIB.Books | ||
| 008 | 150506 2010 eng | ||
| 020 | _a13: 9781600061417 | ||
| 035 | _a(ELIB.Books)0001-1321 | ||
| 092 |
_a248.4 _bDil |
||
| 100 | _aDillow, Linda | ||
| 245 | _aCalm My Anxious Heart | ||
| 260 |
_aColorado Springs _bNAV Press _c2007 |
||
| 300 |
_a254 _c21.5 Cm |
||
| 500 | _alibrary | ||
| 650 | _aChristian Life | ||
| 856 |
_nKBTS: Library _uKBTS: Elib |
||
| 942 |
_2ddc _cBK |
||
| 990 | _a1 | ||
| 998 |
_cbat _e2015-05-06 _mcat _u2018-11-15 |
||
| 999 |
_c11166 _d11166 |
||